| 000 | 01365nam a2200229Ia 4500 | ||
|---|---|---|---|
| 999 |
_c40024 _d40024 |
||
| 001 | 6630 | ||
| 003 | GE_BSU | ||
| 005 | 20191202171202.0 | ||
| 008 | 181216s2007||||ge |||||||||||||| ||geo|| | ||
| 020 | _aISSN 1512-4622 | ||
| 040 | _cGE_BSU | ||
| 041 | _ageo | ||
| 080 | _a811.353.1-09 ქ-27 | ||
| 245 |
_aქართული სალიტერატურო ენის საკითხები : ისტორია და თანამედროვე მდგომარეობა. _bსახელმწიფო ენის პროგრამა. კრებული 1 / _cრედაქტორი თინათინ ბოლქვაძე |
||
| 264 |
_aთბილისი : _c2007 |
||
| 300 |
_a288 გვ.; _b24 სმ. |
||
| 546 | _aტექსტი ქართულ და ინგლისურ ენებზე | ||
| 653 | _aქართული სალიტერატურო ენის საკითხები: ისტორია და თანამედროვე მდგომარეობა | ||
| 700 |
_aბოლქვაძე, თინათინ _eრედაქტორი _95682 |
||
| 710 |
_aსაქართველოს განათლებისა და მეცნიერების სამინისტრო _95683 |
||
| 942 |
_cBK _2udc |
||